<?xml version="1.0" encoding="UTF-8"?>
<record
    xmlns:xsi="http://www.w3.org/2001/XMLSchema-instance"
    xsi:schemaLocation="http://www.loc.gov/MARC21/slim http://www.loc.gov/standards/marcxml/schema/MARC21slim.xsd"
    xmlns="http://www.loc.gov/MARC21/slim">

  <leader>01980nam a22002537a 4500</leader>
  <controlfield tag="003">OSt</controlfield>
  <controlfield tag="005">20210712153501.0</controlfield>
  <controlfield tag="007">ta</controlfield>
  <controlfield tag="008">201104b           2020 dr 00| 0 eng d</controlfield>
  <datafield tag="040" ind1=" " ind2=" ">
    <subfield code="a">DO-SdBNP</subfield>
    <subfield code="b">spa</subfield>
    <subfield code="c">BNPHU</subfield>
  </datafield>
  <datafield tag="082" ind1=" " ind2="4">
    <subfield code="a">327.7293</subfield>
    <subfield code="b">P273u 2020-2024</subfield>
    <subfield code="2">22</subfield>
  </datafield>
  <datafield tag="100" ind1="1" ind2=" ">
    <subfield code="a">Abinader Corona, Luis Rodolfo,</subfield>
    <subfield code="d">1967-</subfield>
    <subfield code="9">77144</subfield>
  </datafield>
  <datafield tag="110" ind1="2" ind2=" ">
    <subfield code="a">Partido Revolucionario Moderno (Rep&#xFA;blica Dominicana)</subfield>
    <subfield code="9">79111</subfield>
  </datafield>
  <datafield tag="245" ind1="1" ind2="0">
    <subfield code="a">Una pol&#xED;tica exterior para el gobierno del cambio : </subfield>
    <subfield code="b">Partido Revolucionario Moderno (PRM), 2020-2024 /</subfield>
    <subfield code="c">Luis Rodolfo Abinader Corona.</subfield>
  </datafield>
  <datafield tag="260" ind1=" " ind2=" ">
    <subfield code="a">Santo Domingo : </subfield>
    <subfield code="b">PRM,</subfield>
    <subfield code="c">2020.</subfield>
  </datafield>
  <datafield tag="300" ind1=" " ind2=" ">
    <subfield code="a">101 p. ; </subfield>
    <subfield code="c">27 cm. </subfield>
  </datafield>
  <datafield tag="505" ind1="0" ind2=" ">
    <subfield code="a">Introducci&#xF3;n --</subfield>
    <subfield code="t">Propuestas para un nuevo enfoque --</subfield>
    <subfield code="t">Profesionalizar y modernizar el Ministerio de Relaciones Exteriores --</subfield>
    <subfield code="t">Establecer una pol&#xED;tica coherente para la comunidad dominicana en el exterior --</subfield>
    <subfield code="t">Agenda de futuro con Hait&#xED; --</subfield>
    <subfield code="t">Recomponer los lazos con la comunidad del Caribe (CARICOM) --</subfield>
    <subfield code="t">Fortalecer la relaci&#xF3;n estrat&#xE9;gica con Estados Unidos de Am&#xE9;rica -- </subfield>
    <subfield code="t">Profundizar la relaci&#xF3;n con Centroam&#xE9;rica -- </subfield>
    <subfield code="t">Incrementar los  lazos con Latinoamericana --</subfield>
    <subfield code="t">Vigorizar los v&#xED;nculos con Europa --</subfield>
    <subfield code="t">Dedicar atenci&#xF3;n a una relaci&#xF3;n importante: Canad&#xE1; --</subfield>
    <subfield code="t">Dinamizar los lazos con la India, Jap&#xF3;n, Corea del Sur y otras naciones asi&#xE1;ticas --  </subfield>
    <subfield code="t">Establecer una pol&#xED;tica coherente hacia la Rep&#xFA;blica Popular China --</subfield>
    <subfield code="t">Consolidar las relaciones con los pa&#xED;ses del Oriente Medio e inmediaciones --</subfield>
    <subfield code="t">Promover las relaciones con &#xC1;frica y Ocean&#xED;a --</subfield>
    <subfield code="t">Identificar nuestra presencia en los organismos internacionales --</subfield>
    <subfield code="t">Delimitar el territorio  mar&#xED;timo dominicano --</subfield>
  </datafield>
  <datafield tag="590" ind1=" " ind2=" ">
    <subfield code="a">Inventariado, 2020 /LP</subfield>
  </datafield>
  <datafield tag="651" ind1=" " ind2="4">
    <subfield code="a">Rep&#xFA;blica Dominicana</subfield>
    <subfield code="x">Pol&#xED;tica exterior</subfield>
    <subfield code="y">2020-2024</subfield>
    <subfield code="9">79112</subfield>
  </datafield>
  <datafield tag="651" ind1=" " ind2="4">
    <subfield code="a">Rep&#xFA;blica Dominicana</subfield>
    <subfield code="x">Pol&#xED;tica y gobierno</subfield>
    <subfield code="y">2020-2024</subfield>
    <subfield code="9">79113</subfield>
  </datafield>
  <datafield tag="710" ind1="2" ind2=" ">
    <subfield code="a">Partido Revolucionario Moderno (PRM), Rep&#xFA;blica Dominicana.</subfield>
    <subfield code="9">77151</subfield>
  </datafield>
  <datafield tag="910" ind1=" " ind2=" ">
    <subfield code="a">Lop&#xE9;rez. Validado. Control de calidad MFF</subfield>
  </datafield>
  <datafield tag="942" ind1=" " ind2=" ">
    <subfield code="2">ddc</subfield>
    <subfield code="c">LBS1</subfield>
  </datafield>
  <datafield tag="952" ind1=" " ind2=" ">
    <subfield code="0">0</subfield>
    <subfield code="1">0</subfield>
    <subfield code="2">ddc</subfield>
    <subfield code="5">1</subfield>
    <subfield code="7">2</subfield>
    <subfield code="8">MO</subfield>
    <subfield code="a">BNPHU</subfield>
    <subfield code="b">PD</subfield>
    <subfield code="c">HD</subfield>
    <subfield code="d">2020-11-04</subfield>
    <subfield code="e">Donado por Editora B&#xFA;ho</subfield>
    <subfield code="l">0</subfield>
    <subfield code="o">BNPHU PD 327.7293 P273u 2020-2024</subfield>
    <subfield code="p">2020-0800</subfield>
    <subfield code="r">2020-11-04</subfield>
    <subfield code="t">e.2</subfield>
    <subfield code="w">2020-11-04</subfield>
    <subfield code="y">LBS1</subfield>
  </datafield>
  <datafield tag="952" ind1=" " ind2=" ">
    <subfield code="0">0</subfield>
    <subfield code="1">0</subfield>
    <subfield code="2">ddc</subfield>
    <subfield code="5">1</subfield>
    <subfield code="7">1</subfield>
    <subfield code="8">MO</subfield>
    <subfield code="a">BNPHU</subfield>
    <subfield code="b">PD</subfield>
    <subfield code="c">HD</subfield>
    <subfield code="d">2020-12-18</subfield>
    <subfield code="e">Donado por Editora B&#xFA;ho</subfield>
    <subfield code="l">0</subfield>
    <subfield code="o">BNPHU PD 327.7293 P273u 2020-2024</subfield>
    <subfield code="p">2020-0799</subfield>
    <subfield code="r">2020-12-18</subfield>
    <subfield code="w">2020-12-18</subfield>
    <subfield code="y">LBS1</subfield>
  </datafield>
  <datafield tag="952" ind1=" " ind2=" ">
    <subfield code="0">0</subfield>
    <subfield code="1">0</subfield>
    <subfield code="2">ddc</subfield>
    <subfield code="5">6</subfield>
    <subfield code="7">0</subfield>
    <subfield code="8">MO</subfield>
    <subfield code="a">BNPHU</subfield>
    <subfield code="b">GR</subfield>
    <subfield code="c">HD</subfield>
    <subfield code="d">2020-12-18</subfield>
    <subfield code="e">Donado por Editora B&#xFA;ho</subfield>
    <subfield code="l">0</subfield>
    <subfield code="o">BNPHU DS 327.7293 P273u 2020-2024</subfield>
    <subfield code="p">2020-0801</subfield>
    <subfield code="r">2020-12-18</subfield>
    <subfield code="t">e.3</subfield>
    <subfield code="w">2020-12-18</subfield>
    <subfield code="y">LBS1</subfield>
  </datafield>
  <datafield tag="952" ind1=" " ind2=" ">
    <subfield code="0">0</subfield>
    <subfield code="1">0</subfield>
    <subfield code="2">ddc</subfield>
    <subfield code="5">6</subfield>
    <subfield code="7">0</subfield>
    <subfield code="8">MO</subfield>
    <subfield code="a">BNPHU</subfield>
    <subfield code="b">GR</subfield>
    <subfield code="c">HD</subfield>
    <subfield code="d">2021-04-08</subfield>
    <subfield code="e">Donado por Editora B&#xFA;ho</subfield>
    <subfield code="l">0</subfield>
    <subfield code="o">BNPHU DS 327.7293 P273u 2020-2024</subfield>
    <subfield code="p">2021-1441</subfield>
    <subfield code="r">2021-04-15</subfield>
    <subfield code="t">e.4</subfield>
    <subfield code="w">2021-04-15</subfield>
    <subfield code="y">LBS1</subfield>
  </datafield>
  <datafield tag="952" ind1=" " ind2=" ">
    <subfield code="0">0</subfield>
    <subfield code="1">0</subfield>
    <subfield code="2">ddc</subfield>
    <subfield code="5">6</subfield>
    <subfield code="7">0</subfield>
    <subfield code="8">MO</subfield>
    <subfield code="a">BNPHU</subfield>
    <subfield code="b">GR</subfield>
    <subfield code="c">HD</subfield>
    <subfield code="d">2021-04-08</subfield>
    <subfield code="e">Donado por Editora B&#xFA;ho</subfield>
    <subfield code="l">0</subfield>
    <subfield code="o">BNPHU DS 327.7293 P273u 2020-2024</subfield>
    <subfield code="p">2021-1442</subfield>
    <subfield code="r">2021-04-15</subfield>
    <subfield code="t">e.5</subfield>
    <subfield code="w">2021-04-15</subfield>
    <subfield code="y">LBS1</subfield>
  </datafield>
  <datafield tag="999" ind1=" " ind2=" ">
    <subfield code="c">49066</subfield>
    <subfield code="d">49066</subfield>
  </datafield>
</record>
